WWE Tag Team Members 2025 - Statistics

General Stats
  • This quiz has been taken 170 times
  • The average score is 48 of 85
Answer Stats
Tag Team Members % Correct
A-Town Down Under Austin Theory
93%
A-Town Down Under Grayson Waller
91%
American Made Chad Gable
89%
Alpha Academy Otis
88%
#DIY Johnny Gargano
87%
LWO Rey Mysterio
87%
The Judgement Day "Dirty" Dominik Mysterio
86%
The Bloodline Solo Sikoa
85%
The Bloodline Tama Tonga
83%
The Judgement Day Finn Balor
82%
The New Day Kofi Kingston
82%
#DIY Tommaso Ciampa
82%
Damage CTRL Dakota Kai
81%
The Bloodline Jacob Fatu
80%
The Bloodline Tonga Loa
80%
The New Day Xavier Woods
80%
Alpha Academy Akira Tozawa
79%
Damage CTRL Iyo Sky
79%
Fraxiom Axiom
78%
American Made Brutus Creed
77%
American Made Julius Creed
77%
The Judgement Day Liv Morgan
77%
Imperium Gunther
76%
Legado Del Fantasma Santos Escobar
76%
The Judgement Day Carlito
75%
Imperium Ludwig Kaiser
75%
Damage CTRL Asuka
74%
The War Raiders Erik
74%
Damage CTRL Kairi Sane
73%
Street Profits Montez Ford
73%
Wyatt Sicks Nikki Cross
73%
Street Profits Angelo Dawkins
72%
Wyatt Sicks Bo Dallas
72%
The War Raiders Ivar
72%
American Made Ivy Nile
72%
The Judgement Day Raquel Rodriguez
72%
Wyatt Sicks Erick Rowan
71%
Alpha Academy Maxxine Dupri
71%
Legado Del Fantasma Angel
70%
Legado Del Fantasma Berto
70%
The D'Angelo Family Tony D'Angelo
70%
LWO Dragon Lee
68%
Fraxiom Nathan Frazer
67%
Wyatt Sicks Dexter Lumis
65%
The Judgement Day JD McDonagh
65%
Wyatt Sicks Joe Gacy
65%
Pretty Deadly Elton Prince
61%
Pretty Deadly Kit Wilson
61%
Motor City Machine Guns Chris Sabin
60%
LWO Cruz Del Toro
58%
Motor City Machine Guns Alex Shelley
57%
Pure Fusion Collective Zoey Stark
55%
LWO Joaquin Wilde
53%
Spears' Crew Shawn Spears
52%
Pure Fusion Collective Shayna Baszler
50%
Fatal Influence Jacy Jayne
48%
The D'Angelo Family Channing "Stacks" Lorenzo
46%
The Meta-Four Noam Dar
40%
Gallus Wolfgang
40%
The Meta-Four Lash Legend
39%
Gallus Joe Coffey
37%
Gallus Mark Coffey
37%
Hank & Tank Tank Ledger
36%
Fatal Influence Fallon Henley
35%
The Meta-Four Jakara Jackson
35%
No Quarter Catch Crew Charlie Dempsey
34%
Hank & Tank Hank Walker
32%
The Meta-Four Oro Mensah
27%
The D'Angelo Family Adriana Rizzo
26%
Spears' Crew Izzi Dame
24%
Chemical X Gigi Dolin
23%
OTM Jaida Parker
23%
Fatal Influence Jazmyn Nyx
23%
Chemical X Tatum Paxley
23%
The D'Angelo Family Luca Crusifino
22%
No Quarter Catch Crew Myles Borne
22%
Chemical X Shotzi
20%
No Quarter Catch Crew Tavion Heights
19%
No Quarter Catch Crew Wren Sinclair
19%
Spears' Crew Brooks Jensen
18%
OTM Lucien Price
16%
OTM Bronco Nima
15%
Spears' Crew Niko Vance
13%
TNT Tyriek Igwe
9%
TNT Tyson Dupont
9%
No matching quizzes found
Score Distribution
Percent of People with Each Score
Percentile by Number Answered
Your Score History
You have not taken this quiz